[Event "World Senior 65+ 2014"]
[Site "Katerini GRE"]
[Date "2014.10.25"]
[Round "2.3"]
[White "Vasiukov, Evgeni"]
[Black "Skalkotas, Nikolaos"]
[Result "1-0"]
[WhiteTitle "GM"]
[BlackTitle "IM"]
[WhiteElo "2448"]
[BlackElo "2150"]
[WhiteFideId "4100522"]
[BlackFideId "4200144"]
[EventDate "2014.10.24"]

1. e4 e6 2. d4 d5 3. Nc3 Bb4 4. e5 Qd7 5. Qg4 f5 6. Qg3 b6 7. Bd3 Bb7 8. Nf3 Nc6
9. Bd2 O-O-O 10. a3 Bf8 11. b4 Nh6 12. Ne2 Nf7 13. h4 Rg8 14. O-O Ne7 15. b5 g5
16. hxg5 h6 17. g6 Rxg6 18. Qh2 Ng5 19. Nh4 Rg8 20. Nf4 c5 21. a4 Bg7 22. Be3
Bxe5 23. dxe5 d4 24. Bc1 Nd5 25. f3 Nxf4 26. Bxf4 Qf7 27. Bc4 Bd5 28. Bxd5 Rxd5
29. Kh1 Qb7 30. Qg3 c4 31. Rad1 a5 32. Qf2 Rgd8 33. Bh2 Qf7 34. Bf4 Qc7 35. Rfe1
c3 36. Bh2 Qc4 37. Ng6 Qc5 38. Nf4 R5d7 39. Qh4 Qf8 40. Rd3 Rc7 41. Ne2 Rc4 42.
Nxd4 Qb4 43. Red1 Qxa4 44. Bg1 Rc7 45. f4 1-0

[Event "World Senior 65+ 2014"]
[Site "Katerini GRE"]
[Date "2014.10.25"]
[Round "2.4"]
[White "Kupreichik, Viktor D"]
[Black "Kiselev, Alexander"]
[Result "1-0"]
[WhiteTitle "GM"]
[WhiteElo "2405"]
[BlackElo "2122"]
[WhiteFideId "13500066"]
[BlackFideId "14105900"]
[EventDate "2014.10.24"]

1. e4 d5 2. exd5 Nf6 3. Bb5+ Bd7 4. Be2 Nxd5 5. d4 Bf5 6. a3 e6 7. c4 Nb6 8. Nc3
Be7 9. Be3 O-O 10. Nf3 Bf6 11. h3 N8d7 12. g4 Bg6 13. h4 h5 14. gxh5 Bxh5 15.
Ng5 Bg6 16. Bd3 Bf5 17. Bxf5 exf5 18. Qh5 1-0

[Event "World Senior 65+ 2014"]
[Site "Katerini GRE"]
[Date "2014.10.25"]
[Round "2.5"]
[White "Suba, Mihai"]
[Black "Nickl, Klaus"]
[Result "1-0"]
[WhiteTitle "GM"]
[WhiteElo "2341"]
[BlackElo "2113"]
[WhiteFideId "1203363"]
[BlackFideId "1601024"]
[EventDate "2014.10.24"]

1. c4 Nf6 2. Nc3 g6 3. e4 d6 4. d4 Bg7 5. h3 O-O 6. Bg5 h6 7. Be3 e5 8. d5 Na6
9. Nf3 Nc5 10. Nd2 a5 11. Be2 Nfd7 12. g4 Kh7 13. h4 f5 14. gxf5 gxf5 15. exf5
Nf6 16. Nf1 Nfe4 17. Nxe4 Nxe4 18. Qc2 Nf6 19. Ng3 Qe8 20. O-O-O e4 21. Bd4 Kh8
22. Rhe1 c5 23. dxc6 bxc6 24. Bxf6 Bxf6 25. Bh5 Qe5 26. Rxe4 Bxf5 27. Nxf5 Qxf5
28. Bg4 Qc5 29. Qd2 Bg7 30. Qxd6 Qxf2 31. Be2 Qb6 32. b3 Rfd8 33. c5 Rxd6 34.
cxb6 Rxd1+ 35. Kxd1 Rd8+ 36. Kc2 Bd4 37. b7 Ba7 38. Re6 Rb8 39. Ba6 Kg7 40. Rxc6
h5 41. Rc8 Kf6 42. Kd3 Kf5 43. Kc4 Kg4 44. Kb5 Kxh4 45. Kxa5 Kg3 46. b4 h4 47.
b5 h3 48. b6 Bxb6+ 49. Kxb6 h2 50. Rxb8 h1=Q 51. Rg8+ 1-0

[Event "World Senior 65+ 2014"]
[Site "Katerini GRE"]
[Date "2014.10.25"]
[Round "2.6"]
[White "Rooze, Jan"]
[Black "Meizlin, Yaacov"]
[Result "1/2-1/2"]
[WhiteTitle "IM"]
[WhiteElo "2341"]
[BlackElo "2105"]
[WhiteFideId "200050"]
[BlackFideId "2812185"]
[EventDate "2014.10.24"]

1. e4 c5 2. Nf3 e6 3. d4 cxd4 4. Nxd4 Nf6 5. Nc3 Nc6 6. Ndb5 Bb4 7. a3 Bxc3+ 8.
Nxc3 d5 9. exd5 Nxd5 10. Nxd5 Qxd5 11. Qxd5 exd5 12. Bf4 O-O 13. O-O-O Be6 14.
Bd3 Rac8 15. Rhe1 Rfe8 16. Kb1 g6 17. f3 f6 18. h4 Bf7 19. g4 a6 20. g5 fxg5 21.
hxg5 Rxe1 22. Rxe1 Re8 23. Rxe8+ Bxe8 24. c3 Bd7 25. c4 Be6 26. cxd5 1/2-1/2

[Event "World Senior 65+ 2014"]
[Site "Katerini GRE"]
[Date "2014.10.25"]
[Round "2.7"]
[White "Serra Olives, Tomas"]
[Black "Van Riemsdijk, Herman C."]
[Result "0-1"]
[WhiteTitle "FM"]
[BlackTitle "IM"]
[WhiteElo "2156"]
[BlackElo "2339"]
[WhiteFideId "2203774"]
[BlackFideId "2100053"]
[EventDate "2014.10.24"]

1. e4 e5 2. Nf3 Nc6 3. Bb5 a6 4. Ba4 Nf6 5. O-O Be7 6. Re1 b5 7. Bb3 O-O 8. h3
d6 9. c3 Na5 10. Bc2 c5 11. d4 Qc7 12. Nbd2 cxd4 13. cxd4 Bd7 14. Nf1 Rac8 15.
Bb1 Nc6 16. d5 Nb4 17. Ne3 a5 18. a3 Na6 19. b4 g6 20. Bd2 Nh5 21. Bd3 axb4 22.
axb4 Qb7 23. Bf1 Bd8 24. Qb3 Bb6 25. Ng4 f6 26. Be3 f5 27. exf5 gxf5 28. Nh6+
Kg7 29. Bg5 Bd8 30. Bd2 Nc7 31. Nxe5 dxe5 32. Qf3 Nf4 33. Rxe5 Ng6 34. Nxf5+ Kh8
35. Bh6 Bf6 36. Ne7 Nxe5 37. Qh5 Nxd5 38. Bxf8 Rxf8 39. Re1 Nf4 40. Qh6 Bg7 0-1

[Event "World Senior 65+ 2014"]
[Site "Katerini GRE"]
[Date "2014.10.25"]
[Round "2.8"]
[White "Archangelsky, Mikhail"]
[Black "Klundt, Klaus"]
[Result "1/2-1/2"]
[WhiteTitle "IM"]
[BlackTitle "IM"]
[WhiteElo "2149"]
[BlackElo "2325"]
[WhiteFideId "4117573"]
[BlackFideId "4600436"]
[EventDate "2014.10.24"]

1. d4 Nf6 2. Nf3 g6 3. c4 Bg7 4. Nc3 O-O 5. e4 d6 6. h3 e5 7. d5 a5 8. g4 Na6 9.
Be3 Nc5 10. Nd2 Bd7 11. Be2 Ne8 12. Qc2 f5 13. gxf5 gxf5 14. O-O-O c6 15. Rdg1
cxd5 16. Nxd5 f4 17. Bxc5 dxc5 18. Bg4 Ra6 19. Qd1 Nf6 20. Bxd7 Qxd7 21. Rg5
Nxd5 22. exd5 Rg6 23. Rxg6 hxg6 24. Ne4 Qf5 25. f3 b6 26. Qg1 Bf6 27. Qg4 Kg7
28. Rg1 Qxg4 29. hxg4 Rh8 1/2-1/2

[Event "World Senior 65+ 2014"]
[Site "Katerini GRE"]
[Date "2014.10.25"]
[Round "2.9"]
[White "Pritchett, Craig W"]
[Black "Harding, Tim D"]
[Result "1-0"]
[WhiteTitle "IM"]
[WhiteElo "2315"]
[BlackElo "2095"]
[WhiteFideId "2400065"]
[BlackFideId "2500256"]
[EventDate "2014.10.24"]

1. c4 e5 2. Nc3 Nf6 3. Nf3 Nc6 4. g3 Bb4 5. Bg2 O-O 6. O-O Re8 7. Ne1 Bxc3 8.
dxc3 d6 9. Nc2 Be6 10. Ne3 e4 11. Nd5 Ne5 12. Bg5 Bxd5 13. cxd5 Ned7 14. c4 h6
15. Be3 Qe7 16. Qb3 c5 17. dxc6 bxc6 18. Rfd1 d5 19. cxd5 Nxd5 20. Bd4 N7f6 21.
Rac1 Rec8 22. Bc5 Qe5 23. Qc2 a5 24. a3 Rab8 25. Bd4 Qe6 26. Qa4 Rb5 27. e3 Rcb8
28. Bf1 Nb6 29. Qc2 Nbd5 30. Qxc6 1-0

[Event "World Senior 65+ 2014"]
[Site "Katerini GRE"]
[Date "2014.10.25"]
[Round "2.10"]
[White "Danielsson, Robert"]
[Black "Pushkov, Nikolai"]
[Result "1/2-1/2"]
[BlackTitle "GM"]
[WhiteElo "2115"]
[BlackElo "2306"]
[WhiteFideId "1711490"]
[BlackFideId "4117131"]
[EventDate "2014.10.24"]

1. d4 Nf6 2. c4 e6 3. Nc3 d5 4. cxd5 exd5 5. Bg5 Bb4 6. Qc2 O-O 7. e3 h6 8. Bxf6
Qxf6 9. Nf3 c5 10. a3 Bf5 11. Bd3 Bxd3 12. Qxd3 c4 13. Qc2 Bxc3+ 14. bxc3 Nc6
15. Rb1 b6 16. O-O Qd6 17. a4 f5 18. Rfe1 Rab8 19. Rb2 Qe6 20. Qb1 Rfe8 21. Kf1
Qe4 22. Qxe4 fxe4 23. Nd2 Rf8 24. Kg1 Rf7 25. f3 exf3 26. gxf3 a6 27. Reb1 Rfb7
28. e4 Ne7 29. Kf2 b5 30. axb5 Rxb5 31. Rxb5 axb5 32. Rb2 Kf7 33. Nb1 Nc6 34.
exd5 Ne7 35. Na3 Nxd5 36. Nxc4 Nxc3 37. Ne5+ Ke6 38. Rb3 Nd5 39. Nc6 Rb6 40. Nb4
Rb7 41. Nxd5 Kxd5 42. Rb4 Kc6 43. Ke3 Re7+ 44. Kd3 Rf7 45. Ke4 g5 46. Rb3 Rb7
47. Rb4 Re7+ 48. Kd3 Rf7 49. Ke3 Rf4 50. Rb2 Kb6 51. Rb1 Rh4 52. Rb2 Rf4 53. Rb1
Rf7 54. Rb2 Ra7 55. Ke4 Re7+ 56. Kf5 Re3 57. Kg6 Rxf3 58. Kxh6 Rf5 59. Kg6 Rd5
60. Kf6 Kc6 61. h3 1/2-1/2

[Event "World Senior 65+ 2014"]
[Site "Katerini GRE"]
[Date "2014.10.25"]
[Round "2.11"]
[White "Filipenko, Alexander V"]
[Black "El Gheiadi, I."]
[Result "1-0"]
[WhiteTitle "IM"]
[WhiteElo "2292"]
[BlackElo "2085"]
[WhiteFideId "4104471"]
[BlackFideId "9200037"]
[EventDate "2014.10.24"]

1. e4 c5 2. Nf3 Nc6 3. d4 cxd4 4. Nxd4 g6 5. c4 Bg7 6. Be3 d6 7. Nc3 Bd7 8. Be2
Nf6 9. O-O O-O 10. Rc1 a6 11. f3 Rc8 12. Qd2 Re8 13. Rfd1 Ne5 14. Nd5 Nc6 15.
Nb3 Nxd5 16. cxd5 Ne5 17. Na5 Rxc1 18. Rxc1 Bc8 19. Qb4 b5 20. a4 Bd7 21. Nc6
Bxc6 22. dxc6 Qc7 23. axb5 axb5 24. Qxb5 Rb8 25. Qxb8+ Qxb8 26. c7 Qc8 27. Ba6
Qxa6 28. c8=Q+ Qxc8 29. Rxc8+ Bf8 30. Bh6 1-0

[Event "World Senior 65+ 2014"]
[Site "Katerini GRE"]
[Date "2014.10.25"]
[Round "2.12"]
[White "Malisov, Boris"]
[Black "Zhelesny, Stanislav"]
[Result "1/2-1/2"]
[BlackTitle "FM"]
[WhiteElo "2250"]
[BlackElo "2083"]
[WhiteFideId "2802503"]
[BlackFideId "4115244"]
[EventDate "2014.10.24"]

1. e4 c6 2. d3 g6 3. h4 h5 4. g3 Bg7 5. Bg2 d6 6. Nd2 Be6 7. Nh3 Bg4 8. f3 Bd7
9. Nc4 d5 10. Ne3 Qc7 11. Kf2 Nf6 12. Rb1 O-O 13. b3 Rd8 14. Qe2 e5 15. c4 d4
16. Nd1 a5 17. Kg1 Re8 18. Ndf2 Na6 19. Ng5 Nc5 20. Bh3 Nh7 21. Bxd7 Nxd7 22.
Bd2 Ndf8 23. Rh2 f6 24. Nxh7 Kxh7 25. g4 Qf7 26. Kh1 Ne6 27. Rg1 Rg8 28. Nh3 Bh6
29. gxh5 gxh5 30. Rhg2 Bxd2 31. Qxd2 Rxg2 32. Rxg2 Rg8 33. Qxa5 Rxg2 34. Kxg2
Qg7+ 35. Kf2 Qh6 36. Qe1 Nc5 37. Qe2 Ne6 38. Kg2 Qc1 39. f4 exf4 40. Qxh5+ Kg7
41. Qg4+ Kf7 42. h5 Qd2+ 43. Nf2 Qe3 44. h6 f3+ 45. Kg3 Qxh6 46. Qxf3 Qg5+ 47.
Qg4 1/2-1/2

[Event "World Senior 65+ 2014"]
[Site "Katerini GRE"]
[Date "2014.10.25"]
[Round "2.13"]
[White "Reuben, Stewart"]
[Black "Gruzmann, Boris"]
[Result "1/2-1/2"]
[WhiteTitle "CM"]
[BlackTitle "FM"]
[WhiteElo "2089"]
[BlackElo "2246"]
[WhiteFideId "405256"]
[BlackFideId "4105290"]
[EventDate "2014.10.24"]

1. c4 g6 2. g3 Bg7 3. Bg2 e5 4. Nc3 Nc6 5. Rb1 d6 6. d3 Be6 7. Nd5 Qd7 8. Qa4
Bxd5 9. cxd5 Nd8 10. Qxd7+ Kxd7 1/2-1/2

[Event "World Senior 65+ 2014"]
[Site "Katerini GRE"]
[Date "2014.10.25"]
[Round "2.14"]
[White "Savolainen, Lev P."]
[Black "Vogel, Jaap"]
[Result "0-1"]
[WhiteTitle "FM"]
[BlackTitle "FM"]
[WhiteElo "2083"]
[BlackElo "2239"]
[WhiteFideId "4135792"]
[BlackFideId "1000764"]
[EventDate "2014.10.24"]

1. d4 Nf6 2. c4 e6 3. Nc3 d5 4. Bg5 Be7 5. cxd5 exd5 6. Qc2 O-O 7. e3 b6 8. Bd3
h6 9. Bh4 Bb7 10. Nge2 c5 11. O-O Nc6 12. Bb5 Nb4 13. Qf5 Bc8 14. Qe5 Bd7 15.
dxc5 Bxb5 16. Nxb5 bxc5 17. Rfd1 Nc6 18. Qc7 Rc8 19. Qb7 Rb8 20. Qxc6 Rb6 21.
Qc7 Rxb5 22. Qxa7 Rxb2 23. Nc3 Qd6 24. Ne4 Qb8 25. Nxf6+ Bxf6 26. Qxb8 Rfxb8 27.
Bxf6 gxf6 28. g3 c4 29. Rxd5 c3 30. Rc1 Rb1 0-1

[Event "World Senior 65+ 2014"]
[Site "Katerini GRE"]
[Date "2014.10.25"]
[Round "2.15"]
[White "Lederman, Leon"]
[Black "Baeta, Marcio Netto"]
[Result "1-0"]
[WhiteTitle "IM"]
[WhiteElo "2233"]
[BlackElo "2074"]
[WhiteFideId "2800403"]
[BlackFideId "2112744"]
[EventDate "2014.10.24"]

1. e4 Nf6 2. e5 Nd5 3. d4 d6 4. Nf3 g6 5. Bc4 c6 6. h3 Bg7 7. Bb3 O-O 8. O-O
dxe5 9. dxe5 Nd7 10. c4 Nc7 11. Qe2 Nc5 12. Rd1 Qe8 13. Bc2 Bf5 14. Bxf5 gxf5
15. Nd4 e6 16. Nc3 a5 17. Bg5 h6 18. Bh4 f6 19. exf6 Bxf6 20. Bxf6 Rxf6 21. Qe5
Qe7 22. Nde2 Raf8 23. Rd4 b5 24. Rad1 bxc4 25. Rxc4 Nd5 26. Rxd5 Nd7 27. Qg3+
Kh7 28. Rxa5 e5 29. f4 Rg6 30. Qd3 Rd6 31. Qe3 c5 32. Ra7 Qh4 33. fxe5 Qxc4 34.
exd6 Rf7 35. Qe8 Ne5 36. Rxf7+ Nxf7 37. d7 1-0

[Event "World Senior 65+ 2014"]
[Site "Katerini GRE"]
[Date "2014.10.25"]
[Round "2.16"]
[White "Koryabkin, Valery"]
[Black "Kolbak, Jens"]
[Result "1/2-1/2"]
[WhiteElo "2072"]
[BlackElo "2232"]
[WhiteFideId "24113115"]
[BlackFideId "1400339"]
[EventDate "2014.10.24"]

1. d4 d5 2. Nf3 Nf6 3. c4 e6 4. Nc3 Nbd7 5. e3 Bb4 6. Qc2 c5 7. Bd2 cxd4 8. exd4
O-O 9. Bd3 dxc4 10. Bxc4 b6 11. O-O Bb7 12. Be2 Rc8 13. Qb3 Be7 14. Rfd1 Nd5 15.
Rac1 N7f6 16. Ne5 Nxc3 17. bxc3 Ne4 18. Be3 Qc7 19. Bf3 Rfd8 20. c4 Qb8 21. Bf4
Qa8 22. Qe3 Nd6 23. d5 Nf5 24. Qb3 Bc5 25. Be4 Nd6 26. Bf3 exd5 27. cxd5 a5 28.
Nc6 Rd7 29. Qb1 g6 30. Bg4 f5 31. Bf3 Re8 32. Re1 Nf7 33. h4 Bd6 34. Rxe8+ Qxe8
35. Re1 Qf8 36. Bxd6 Nxd6 37. Qxb6 a4 38. Qb4 Ne4 39. Bxe4 Qxb4 40. Nxb4 fxe4
41. Rxe4 a3 42. Rd4 Kf7 43. Rd3 Ke7 44. Rxa3 Kd6 45. Rd3 Re7 46. Re3 Rf7 47. g3
Bc8 48. f3 Rb7 49. a3 Bd7 50. Rc3 Rb8 51. Kf2 Re8 52. g4 h5 53. Re3 Rc8 54. Kg3
hxg4 55. Nd3 gxf3 56. Nf4 Rg8 57. Kxf3 g5 58. hxg5 Rxg5 59. Ke4 Bf5+ 60. Kd4 Rg4
61. Rf3 Bd7 62. Ke3 Rg8 63. Kd4 Rg4 64. Rf2 Bf5 65. a4 Rg3 66. Rb2 Bd7 67. Rb6+
Kc7 68. a5 Ra3 69. Ne6+ Bxe6 70. Rxe6 Rxa5 71. Ke5 Ra1 72. Re7+ Kd8 73. Rh7 Rg1
74. Kd6 Rg6+ 75. Kc5 Kc8 76. Ra7 Rh6 77. Re7 Kd8 78. Re5 Kd7 79. Rg5 Ra6 80.
Rg7+ Kd8 81. Rb7 Rh6 82. Kb5 Kc8 83. Ra7 Kb8 84. Re7 Kc8 85. Re6 Rxe6 86. dxe6
Kd8 1/2-1/2

[Event "World Senior 65+ 2014"]
[Site "Katerini GRE"]
[Date "2014.10.25"]
[Round "2.17"]
[White "Bondar, Leonid"]
[Black "Singer, Hans"]
[Result "1/2-1/2"]
[BlackTitle "FM"]
[WhiteElo "2061"]
[BlackElo "2207"]
[WhiteFideId "2006227"]
[BlackFideId "1600800"]
[EventDate "2014.10.24"]

1. e4 c5 2. Nf3 d6 3. d4 cxd4 4. Nxd4 Nf6 5. Nc3 Nc6 6. Bc4 Bd7 7. Bg5 Qb6 8.
Bxf6 gxf6 9. Nb3 e6 10. Qe2 Rc8 11. O-O Ne5 12. Bb5 Bxb5 13. Nxb5 Nc4 14. N5d4
Bg7 15. c3 O-O 16. Rad1 Rfd8 17. Rd3 d5 18. Rg3 Kh8 19. Qg4 Rg8 20. exd5 Ne5 21.
Qh5 Bf8 22. Rxg8+ Kxg8 23. dxe6 1/2-1/2

[Event "World Senior 65+ 2014"]
[Site "Katerini GRE"]
[Date "2014.10.25"]
[Round "2.18"]
[White "Gergel, Vladimir P"]
[Black "Acosta, Mariano USA"]
[Result "1-0"]
[WhiteTitle "FM"]
[WhiteElo "2202"]
[BlackElo "1942"]
[WhiteFideId "14100550"]
[BlackFideId "2008629"]
[EventDate "2014.10.24"]

1. d4 d5 2. c4 dxc4 3. Nf3 Nf6 4. g3 b5 5. Bg2 Bb7 6. a4 a6 7. b3 e6 8. axb5
axb5 9. Rxa8 Bxa8 10. bxc4 bxc4 11. Qa4+ Bc6 12. Qxc4 Qd5 13. Qc2 Bb4+ 14. Bd2
Qa5 15. O-O O-O 16. Bxb4 Qxb4 17. Nbd2 h6 18. e3 Rc8 19. Rb1 Qf8 20. Rxb8 Rxb8
21. Qxc6 Qd6 22. Qc2 Nd7 23. Ne4 Qb6 24. Nfd2 g6 25. h4 Kg7 26. g4 f5 27. Ng3 c5
28. dxc5 Qxc5 29. Qa4 Qc1+ 30. Ndf1 Qc7 31. gxf5 exf5 32. h5 Nf6 33. hxg6 Kxg6
34. Bh3 f4 35. exf4 Rg8 36. Be6 Rg7 37. Qd4 Kh7 38. Qxf6 1-0

[Event "World Senior 65+ 2014"]
[Site "Katerini GRE"]
[Date "2014.10.25"]
[Round "2.19"]
[White "Kronlaks, Olafs"]
[Black "Agzamov, Valeriy"]
[Result "1/2-1/2"]
[WhiteElo "1836"]
[BlackElo "2191"]
[WhiteFideId "11604077"]
[BlackFideId "14200449"]
[EventDate "2014.10.24"]

1. e4 d6 2. d4 g6 3. Nf3 Bg7 4. Nc3 Nf6 5. Be3 O-O 6. h3 e5 7. dxe5 dxe5 8. Qxd8
Rxd8 9. Bc4 Nbd7 10. O-O c6 11. a4 Re8 12. Ng5 Re7 13. Rad1 h6 14. Nf3 Re8 15.
Rd3 Nb6 16. Bb3 Be6 17. Bxe6 Rxe6 18. Rfd1 Nc4 19. Bc1 Bf8 20. Rd8 Rxd8 21. Rxd8
Re8 22. Rxe8 Nxe8 23. b3 Na3 24. Ne1 Bb4 25. Bd2 b5 26. Nd3 Bd6 27. axb5 cxb5
28. Bxh6 b4 29. Nd5 Nxc2 30. Be3 a6 31. Bb6 f5 32. f3 Kf7 33. Ba5 fxe4 34. fxe4
Nd4 35. Bxb4 Nxb3 36. Bxd6 Nxd6 37. Nxe5+ Ke6 38. Nxg6 a5 39. Ndf4+ Kf7 40. e5
Nc8 41. e6+ Kf6 42. e7 Nxe7 43. Nxe7 Kxe7 44. Nd3 a4 45. h4 a3 46. Nb4 Nc1 47.
g4 a2 1/2-1/2

[Event "World Senior 65+ 2014"]
[Site "Katerini GRE"]
[Date "2014.10.25"]
[Round "2.20"]
[White "Reynolds, D Ian W"]
[Black "Balashov, Yuri S"]
[Result "0-1"]
[BlackTitle "GM"]
[WhiteElo "2006"]
[BlackElo "2429"]
[WhiteFideId "410705"]
[BlackFideId "4100263"]
[EventDate "2014.10.24"]

1. e4 c5 2. c3 e6 3. d4 d5 4. exd5 exd5 5. Nf3 Nc6 6. Bb5 Bd6 7. O-O Ne7 8. dxc5
Bxc5 9. Nbd2 O-O 10. Nb3 Bb6 11. Bd3 Ng6 12. Re1 Re8 13. Rxe8+ Qxe8 14. Bf1 Qd8
15. Nbd4 Bg4 16. Be3 Nxd4 17. cxd4 Qf6 18. Be2 Nf4 19. Bxf4 Qxf4 20. h3 Bf5 21.
Qc1 Qe4 22. Qd2 Rc8 23. Re1 Qc2 24. Qxc2 Bxc2 25. Rc1 Bf5 26. Rxc8+ Bxc8 27. Bd3
h6 28. Kf1 g5 29. Ke2 f5 30. Ke3 Kg7 31. Bc2 Kf6 32. Bb3 f4+ 33. Kd2 Be6 34. a3
h5 35. Kc3 Ba5+ 36. Kd3 Bf5+ 37. Ke2 Be4 38. g4 hxg4 39. hxg4 Bb6 40. Ba2 Bxf3+
41. Kxf3 Ke6 42. b3 Bxd4 43. Ke2 Ke5 44. f3 Bb2 45. Kd3 Bxa3 46. Bb1 Kd6 47. Kc3
Kc5 48. Bc2 Bb4+ 49. Kd3 a5 50. Bd1 Be1 51. Ke2 Bc3 52. Kd3 Be5 53. Bc2 Kb4 54.
Bd1 b5 55. Kc2 a4 56. bxa4 bxa4 57. Be2 a3 58. Kb1 Kc3 59. Bd1 d4 0-1

[Event "World Senior 65+ 2014"]
[Site "Katerini GRE"]
[Date "2014.10.25"]
[Round "2.21"]
[White "Zakharov, Alexander"]
[Black "Yakovlev, Yuri S."]
[Result "1-0"]
[WhiteTitle "IM"]
[WhiteElo "2331"]
[BlackElo "1992"]
[WhiteFideId "4103564"]
[BlackFideId "4173929"]
[EventDate "2014.10.24"]

1. d4 d5 2. c4 c6 3. Nf3 e6 4. Qc2 Bd6 5. g3 Nd7 6. Bg2 Ne7 7. O-O f5 8. Bf4
Bxf4 9. gxf4 Ng6 10. e3 Nh4 11. Nxh4 Qxh4 12. cxd5 cxd5 13. Nd2 h6 14. Qc7 g5
15. Qd6 Nf6 16. Rac1 Bd7 17. Nf3 Qh5 18. Ne5 gxf4 19. Nxd7 Ne4 20. Qxe6+ Kd8 21.
Nf6 Nxf6 22. Qxf6+ Kd7 23. Qg7+ 1-0

[Event "World Senior 65+ 2014"]
[Site "Katerini GRE"]
[Date "2014.10.25"]
[Round "2.22"]
[White "Marcovici, Adrian"]
[Black "Wahlbom, Magnus"]
[Result "1/2-1/2"]
[WhiteElo "2042"]
[BlackElo "2283"]
[WhiteFideId "2801175"]
[BlackFideId "1700685"]
[EventDate "2014.10.24"]

1. e4 d5 2. exd5 Qxd5 3. Nc3 Qd6 4. d4 Nf6 5. Nf3 c6 6. Bg5 Bg4 7. Be2 Nbd7 8.
Qd2 Bxf3 9. Bxf3 g6 10. O-O-O Nb6 11. Qf4 Qxf4+ 12. Bxf4 Bg7 13. Rhe1 e6 14. Be5
O-O 15. b3 Rac8 16. Kb2 Nfd7 17. Bxg7 Kxg7 18. Ne4 Rc7 19. c4 Nf6 20. Nc5 Nbd7
21. Nd3 Rd8 22. a4 a5 23. h4 h6 24. g4 g5 25. hxg5 hxg5 26. Ne5 Nh7 27. Kc3 Nhf8
28. Nd3 Ng6 29. c5 Nf6 30. Ne5 Nd5+ 31. Bxd5 exd5 32. Nf3 Kf6 33. Ne5 1/2-1/2

[Event "World Senior 65+ 2014"]
[Site "Katerini GRE"]
[Date "2014.10.25"]
[Round "2.23"]
[White "Peretz, Malkiel"]
[Black "Morriss, Pete"]
[Result "1-0"]
[WhiteTitle "FM"]
[WhiteElo "2240"]
[BlackElo "2032"]
[WhiteFideId "2800446"]
[BlackFideId "2500230"]
[EventDate "2014.10.24"]

1. e4 c6 2. d4 d5 3. Nd2 dxe4 4. Nxe4 Nf6 5. Nxf6+ gxf6 6. c3 Bf5 7. Nf3 Nd7 8.
g3 e6 9. Bg2 Bg7 10. O-O O-O 11. Nh4 Bg6 12. f4 f5 13. Nf3 Bh5 14. Be3 Qe7 15.
Qb3 Nf6 16. h3 Ne4 17. Kh2 Kh8 18. Nd2 Bg6 19. Qc2 Nf6 20. Rae1 Rad8 21. b4 Rg8
22. Bf2 h5 23. Nf3 Ne4 24. Nh4 Bh7 25. Bxe4 fxe4 26. Qe2 e3 27. Bxe3 Bf6 28. Nf3
h4 29. g4 Qc7 30. Qf2 a5 31. a3 Rg6 32. Ne5 Rg7 33. g5 Be4 34. Bc1 Bd5 35. Rg1
Bxe5 36. fxe5 Rh7 37. Qf6+ Rg7 38. g6 Rg8 39. Qxh4+ 1-0

[Event "World Senior 65+ 2014"]
[Site "Katerini GRE"]
[Date "2014.10.25"]
[Round "2.24"]
[White "Hohler, Peter"]
[Black "Kayaman, Metin"]
[Result "1/2-1/2"]
[WhiteTitle "FM"]
[WhiteElo "2187"]
[BlackElo "1878"]
[WhiteFideId "1300296"]
[BlackFideId "6301185"]
[EventDate "2014.10.24"]

1. d4 Nf6 2. c4 e6 3. Nc3 c5 4. d5 exd5 5. cxd5 d6 6. e4 g6 7. h3 Bg7 8. Nf3 O-O
9. Bd3 Re8 10. O-O a6 11. a4 Nbd7 12. Re1 Qc7 13. Bf4 Nh5 14. Bh2 Ne5 15. Bxe5
Bxe5 16. Nxe5 Rxe5 17. Ne2 Bd7 18. Qd2 Qd8 19. f4 Re8 20. a5 Qh4 21. Rf1 Re7 22.
Qe1 Qxe1 23. Raxe1 Rae8 24. g4 Ng7 25. Nc3 f5 26. gxf5 Nxf5 27. Kf2 Nd4 28. h4
Bg4 29. Kg3 h5 30. Kg2 Kg7 31. Rf2 Nb3 32. Ref1 Nxa5 33. e5 dxe5 34. fxe5 Rxe5
35. Rf7+ Kh6 36. R1f6 Bf5 37. Bxf5 Rxf5 38. Rxf5 gxf5 39. Rf6+ Kg7 40. Rxf5 Kg6
41. Rg5+ Kh6 42. d6 Nc4 43. d7 Rd8 44. Rxc5 Nb6 45. Ne4 Rxd7 46. Kf3 Nd5 47. Ng5
Nb4 48. Ke4 Nd3 49. Rc2 a5 50. Rg2 b5 51. Kf5 a4 52. Kf6 Rd6+ 1/2-1/2

[Event "World Senior 65+ 2014"]
[Site "Katerini GRE"]
[Date "2014.10.25"]
[Round "2.25"]
[White "Bibilashvili, Giorgi"]
[Black "Lukovski, Lev"]
[Result "1/2-1/2"]
[WhiteElo "2169"]
[BlackElo "1917"]
[WhiteFideId "13601873"]
[BlackFideId "4634837"]
[EventDate "2014.10.24"]

1. d4 e6 2. c4 b6 3. Nc3 Bb7 4. e4 Bb4 5. d5 f5 6. exf5 Bxc3+ 7. bxc3 exf5 8.
Nf3 Nf6 9. Ba3 d6 10. Bd3 Qe7+ 11. Qe2 Qxe2+ 12. Kxe2 Bc8 13. Nd4 g6 14. Rhe1
Kf7 15. Kf1 Re8 16. Rxe8 Kxe8 17. Re1+ Kf7 18. Nb5 Na6 19. f3 Bd7 20. Kf2 Bxb5
21. cxb5 Nc5 22. Bxc5 dxc5 23. Bc4 Kf8 24. a4 Ne8 25. Ra1 Nd6 26. Bf1 Re8 27. a5
Re5 28. axb6 axb6 29. c4 Re7 30. g3 Kf7 31. Bd3 Kf6 32. Ra2 Re8 33. Ra7 Re7 1/2-1/2

[Event "World Senior 65+ 2014"]
[Site "Katerini GRE"]
[Date "2014.10.25"]
[Round "2.26"]
[White "Batakovs, Olegs"]
[Black "Zamahari, Abang Draup"]
[Result "1-0"]
[WhiteElo "2098"]
[BlackElo "1603"]
[WhiteFideId "11600888"]
[BlackFideId "5704057"]
[EventDate "2014.10.24"]

1. e4 e5 2. Nf3 Nc6 3. Bb5 d6 4. d4 Bd7 5. d5 Nb8 6. Be2 Nf6 7. Nbd2 h6 8. h3
Be7 9. O-O O-O 10. c4 b6 11. b4 a5 12. b5 Nh7 13. Bd3 Be8 14. Re1 Nd7 15. Nf1
Qc8 16. Ng3 Nc5 17. Nf5 Qd8 18. Be3 Nd7 19. Qd2 Kh8 20. Kh2 Rg8 21. Bc2 f6 22.
N3h4 Ng5 23. Qe2 Nf8 24. g3 Bf7 25. f4 Ngh7 26. fxe5 fxe5 27. Nxe7 Qxe7 28. Rf1
g5 29. Nf5 Qd7 30. Nxh6 Rg7 31. Rf2 Bg8 32. Raf1 Ng6 33. Nf5 Rf7 34. Qh5 Nf8 35.
Bxg5 Re8 36. Qh6 Ng6 37. Qxg6 Nxg5 38. Qxg5 Rh7 39. Qf6+ Rg7 40. Bd1 Qf7 41.
Qxg7+ Qxg7 42. Nxg7 Kxg7 43. Bh5 Re7 44. g4 Kh6 45. Rf6+ Kg7 46. g5 1-0